[Event "Svetla nad Sazavou Mares Memorial"]
[Site "Svetla nad Sazavou"]
[Date "2023.12.29"]
[Round "8"]
[White "Vojta, Tomas"]
[Black "Jun, Rudolf Jr"]
[Result "0-1"]
[WhiteElo "2366"]
[BlackElo "2099"]
[PlyCount "68"]
[EventDate "2023.12.29"]
[EventType "swiss"]
[EventRounds "9"]
[EventCountry "CZE"]
[SourceTitle "CB02_2024"]
[SourceDate "2024.01.10"]
[SourceVersion "1"]
[SourceVersionDate "2024.01.10"]
[SourceQuality "1"]

1. e4 c5 2. f4 Nc6 3. Nf3 g6 4. Bb5 Bg7 5. 0-0 Nd4 6. Nxd4 Bxd4+ 7. Kh1 a6 8. Bc4 Bg7 9. f5 e6 10. Qf3 Qf6 11. fxe6 dxe6 12. Qa3 Qe7 13. Bb5+ Bd7 14. Bxd7+ Qxd7 15. d3 b6 16. Nd2 Qc7 17. Rb1 Ne7 18. b4 cxb4 19. Qxb4 0-0 20. c4 Rad8 21. Rf3 Nc6 22. Qxb6 Qd7 23. Ba3 Rfe8 24. Qxa6 Ra8 25. Qb7 Qxb7 26. Rxb7 Ne5 27. Rb3 Nxf3 28. gxf3 Bh6 29. Nb1 Red8 30. Kg2 Be3 31. Kf1 Bf4 32. h3 Ra5 33. Ke2 Rh5 34. Nc3 Rxh3 0-1

[Event "Pardubice rapid op 34th"]
[Site "Pardubice"]
[Date "2023.07.20"]
[Round "7"]
[White "Grabinsky, Aaron"]
[Black "Jun, Rudolf Jr"]
[Result "1-0"]
[WhiteElo "2416"]
[BlackElo "2243"]
[PlyCount "85"]
[EventDate "2023.07.19"]
[EventType "swiss (rapid)"]
[EventRounds "9"]
[EventCountry "CZE"]
[SourceTitle "CBM 215 Extra"]
[Source "ChessBase"]
[SourceDate "2023.09.30"]
[SourceVersion "1"]
[SourceVersionDate "2023.09.30"]
[SourceQuality "1"]

1. e4 c5 2. Nf3 Nc6 3. Bb5 g6 4. Bxc6 dxc6 5. d3 Bg7 6. h3 Nf6 7. Nc3 0-0 8. Be3 b6 9. Qd2 Re8 10. 0-0 e5 11. Nh2 Be6 12. b3 Nh5 13. Rae1 Qe7 14. Ne2 Rad8 15. Qc1 a5 16. f4 exf4 17. Nxf4 Nxf4 18. Bxf4 Qa7 19. Bg5 Rd7 20. Bf6 c4 21. dxc4 b5+ 22. Kh1 bxc4 23. Bxg7 Kxg7 24. Nf3 Qc5 25. Qf4 f6 26. Rd1 Rxd1 27. Rxd1 cxb3 28. cxb3 Qe7 29. Rd6 c5 30. e5 f5 31. Ng5 Bc8 32. Rf6 Qxe5 33. Rf7+ Kg8 34. Qxe5 Rxe5 35. Rc7 Ba6 36. Nxh7 Re6 37. Kh2 a4 38. bxa4 c4 39. Ng5 Re2 40. Ra7 Bc8 41. Kg3 Kf8 42. Kf3 Re8 43. Nh7+ 1-0

[Event "Pardubice rapid op 34th"]
[Site "Pardubice"]
[Date "2023.07.20"]
[Round "4"]
[White "Kojima, Shinya"]
[Black "Jun, Rudolf Jr"]
[Result "1-0"]
[WhiteElo "2335"]
[BlackElo "2243"]
[PlyCount "103"]
[EventDate "2023.07.19"]
[EventType "swiss (rapid)"]
[EventRounds "9"]
[EventCountry "CZE"]
[SourceTitle "CBM 215 Extra"]
[Source "ChessBase"]
[SourceDate "2023.09.30"]
[SourceVersion "1"]
[SourceVersionDate "2023.09.30"]
[SourceQuality "1"]

1. Nf3 Nf6 2. c4 e6 3. Nc3 c5 4. g3 d5 5. cxd5 exd5 6. d4 Nc6 7. Bg2 h6 8. 0-0 Be6 9. b3 b6 10. Bb2 Be7 11. Ne5 Rc8 12. Nxc6 Rxc6 13. e4 cxd4 14. Nxd5 Nxd5 15. exd5 Bxd5 16. Qxd4 Bxg2 17. Qxg7 Bxf1 18. Qxh8+ Kd7 19. Rd1+ Bd6 20. Qxd8+ Kxd8 21. Kxf1 Ke7 22. Rc1 Rxc1+ 23. Bxc1 h5 24. h3 Ke6 25. Ke2 b5 26. Kd3 Kd5 27. Bg5 a6 28. Bf6 Ke6 29. Bg7 Kd5 30. Bd4 f5 31. Bf6 Ke6 32. Bh4 Bc5 33. f3 a5 34. a4 bxa4 35. bxa4 Bf2 36. Ke2 Bb6 37. Bg5 Kd5 38. Kd3 Bf2 39. Bf4 Kc5 40. Be3+ Bxe3 41. Kxe3 Kb4 42. g4 fxg4 43. fxg4 hxg4 44. hxg4 Kxa4 45. g5 Kb3 46. g6 a4 47. g7 a3 48. g8Q+ Kb2 49. Qg2+ Kb1 50. Kd3 a2 51. Qc2+ Ka1 52. Qc1# 1-0

[Event "Pardubice rapid op 34th"]
[Site "Pardubice"]
[Date "2023.07.19"]
[Round "2"]
[White "Yankelevich, Lev"]
[Black "Jun, Rudolf Jr"]
[Result "1-0"]
[WhiteElo "2442"]
[BlackElo "2243"]
[PlyCount "61"]
[EventDate "2023.07.19"]
[EventType "swiss (rapid)"]
[EventRounds "9"]
[EventCountry "CZE"]
[SourceTitle "CBM 215 Extra"]
[Source "ChessBase"]
[SourceDate "2023.09.30"]
[SourceVersion "1"]
[SourceVersionDate "2023.09.30"]
[SourceQuality "1"]

1. d4 Nf6 2. c4 e6 3. g3 c5 4. d5 exd5 5. cxd5 d6 6. Nc3 g6 7. Bg2 Bg7 8. Nf3 0-0 9. 0-0 a6 10. a4 Re8 11. Bf4 Nh5 12. Bg5 f6 13. Bd2 b6 14. h3 Bh8 15. Rb1 Nd7 16. g4 Ng7 17. b4 Ne5 18. Nxe5 Rxe5 19. f4 Re8 20. e4 Bd7 21. Qb3 Rb8 22. b5 a5 23. Rfe1 Re7 24. e5 fxe5 25. fxe5 Rxe5 26. Rxe5 dxe5 27. Ne4 c4 28. Qxc4 Rc8 29. Qb3 Ne8 30. d6+ Kg7 31. Bg5 1-0

[Event "Klatovy op-A 29th"]
[Site "Klatovy"]
[Date "2023.07.09"]
[Round "9"]
[White "Jun, Rudolf Jr"]
[Black "Dvorak, Jan"]
[Result "1/2-1/2"]
[WhiteElo "2243"]
[BlackElo "2176"]
[PlyCount "36"]
[EventDate "2023.07.01"]
[EventType "swiss"]
[EventRounds "9"]
[EventCountry "CZE"]
[SourceTitle "CBM 215 Extra"]
[Source "ChessBase"]
[SourceDate "2023.09.30"]
[SourceVersion "1"]
[SourceVersionDate "2023.09.30"]
[SourceQuality "1"]

1. e4 e6 2. d4 d5 3. Nc3 Bb4 4. exd5 exd5 5. Bd3 Nc6 6. Nf3 Bg4 7. a3 Be7 8. h3 Bh5 9. g4 Bg6 10. Bf4 Nf6 11. Ne5 0-0 12. 0-0 Ne4 13. Nxe4 dxe4 14. Nxc6 bxc6 15. Bc4 Bd6 16. Bxd6 cxd6 17. f4 exf3 18. Rxf3 d5 1/2-1/2

[Event "Klatovy op-A 29th"]
[Site "Klatovy"]
[Date "2023.07.03"]
[Round "3"]
[White "Jun, Rudolf Jr"]
[Black "Horak, Martin"]
[Result "1/2-1/2"]
[WhiteElo "2243"]
[BlackElo "2266"]
[PlyCount "43"]
[EventDate "2023.07.01"]
[EventType "swiss"]
[EventRounds "9"]
[EventCountry "CZE"]
[SourceTitle "CBM 215 Extra"]
[Source "ChessBase"]
[SourceDate "2023.09.30"]
[SourceVersion "1"]
[SourceVersionDate "2023.09.30"]
[SourceQuality "1"]

1. e4 c5 2. Nf3 e6 3. c4 Nc6 4. Nc3 Nd4 5. Be2 Ne7 6. 0-0 Nec6 7. Nb5 Nxf3+ 8. Bxf3 Be7 9. d3 a6 10. Na3 Bf6 11. Nc2 0-0 12. Rb1 Nd4 13. Be3 Nxf3+ 14. Qxf3 Qc7 15. Qg3 d6 16. b4 b6 17. Rfc1 Rd8 18. d4 cxd4 19. Nxd4 Bb7 20. f3 Rac8 21. Qf2 Qd7 22. b5 1/2-1/2

[Event "Teplice op"]
[Site "Teplice"]
[Date "2023.06.16"]
[Round "7"]
[White "Agdelen, Huseyin Can"]
[Black "Jun, Rudolf Jr"]
[Result "1-0"]
[WhiteElo "2391"]
[BlackElo "2223"]
[PlyCount "101"]
[EventDate "2023.06.10"]
[EventType "swiss"]
[EventRounds "9"]
[EventCountry "CZE"]
[SourceTitle "CBM 214 Extra"]
[Source "ChessBase"]
[SourceDate "2023.07.31"]
[SourceVersion "1"]
[SourceVersionDate "2023.07.31"]
[SourceQuality "1"]

1. e4 c5 2. Nc3 Nc6 3. Bb5 g6 4. Bxc6 dxc6 5. f4 Bg7 6. Nf3 Bg4 7. h3 Bxf3 8. Qxf3 Bd4 9. Ne2 e6 10. e5 c4 11. Qe4 Bb6 12. Qxc4 Ne7 13. b3 Nf5 14. g3 a5 15. a4 h5 16. Bb2 Qd7 17. 0-0-0 0-0-0 18. Qe4 Bf2 19. Qf3 Bb6 20. Kb1 Qd5 21. Qxd5 Rxd5 22. d3 Rd7 23. Bc1 Rdd8 24. Rh2 Kc7 25. Bd2 Rdg8 26. Rg2 Kc8 27. Nc3 Rd8 28. Ne4 Rd7 29. Rf1 Kb8 30. g4 Ng7 31. Be1 hxg4 32. hxg4 Rh3 33. Ng5 Rh8 34. Bf2 Bc7 35. Rgg1 Bd8 36. Ne4 Be7 37. Rh1 Rdd8 38. Bb6 Rdg8 39. Bxa5 Ne8 40. Bb6 f5 41. exf6 Nxf6 42. Rxh8 Rxh8 43. Bd4 Nxe4 44. dxe4 Rh4 45. Be5+ Kc8 46. g5 Rh3 47. Bf6 Bc5 48. f5 gxf5 49. exf5 Kd7 50. Rd1+ Ke8 51. fxe6 1-0

[Event "Teplice op"]
[Site "Teplice"]
[Date "2023.06.12"]
[Round "3"]
[White "Sokolovsky, Yahli"]
[Black "Jun, Rudolf Jr"]
[Result "1-0"]
[WhiteElo "2464"]
[BlackElo "2223"]
[PlyCount "97"]
[EventDate "2023.06.10"]
[EventType "swiss"]
[EventRounds "9"]
[EventCountry "CZE"]
[SourceTitle "CBM 214 Extra"]
[Source "ChessBase"]
[SourceDate "2023.07.31"]
[SourceVersion "1"]
[SourceVersionDate "2023.07.31"]
[SourceQuality "1"]

1. e4 c5 2. Nf3 Nc6 3. Bb5 g6 4. 0-0 Bg7 5. c3 d5 6. Qa4 dxe4 7. Bxc6+ bxc6 8. Qxc6+ Bd7 9. Qxe4 Nf6 10. Qc4 Qb6 11. Ne5 Be6 12. Qa4+ Nd7 13. Nxd7 Bxd7 14. Qh4 0-0 15. Na3 e5 16. Nc4 Qe6 17. d3 Rad8 18. Be3 Bc6 19. Rad1 e4 20. Bxc5 Rfe8 21. Na5 exd3 22. Nxc6 Qxc6 23. Bxa7 Qb7 24. Bd4 Bxd4 25. cxd4 Qb5 26. b3 Rd5 27. Rd2 Re2 28. Rdd1 d2 29. Qf4 Qd3 30. Qf3 Qxf3 31. gxf3 Rxd4 32. Rb1 Rd3 33. Kg2 Re5 34. Rfd1 Rg5+ 35. Kf1 Rxf3 36. Rxd2 Rh3 37. f4 Rf5 38. Rf2 g5 39. b4 g4 40. Kg1 Ra3 41. b5 Ra7 42. a4 Rc5 43. Ra2 Rb7 44. Rab2 Rc4 45. a5 Ra4 46. a6 Rb6 47. Rc1 Kg7 48. Rbb1 Ra5 49. Ra1 1-0

[Event "CZE-ch Amateur"]
[Site "Hluk"]
[Date "2023.05.08"]
[Round "4"]
[White "Paseka, Matyas"]
[Black "Jun, Rudolf Jr"]
[Result "1/2-1/2"]
[WhiteElo "2127"]
[BlackElo "2200"]
[PlyCount "60"]
[EventDate "2023.05.06"]
[EventType "swiss"]
[EventRounds "9"]
[EventCountry "CZE"]
[SourceTitle "CBM 214 Extra"]
[Source "ChessBase"]
[SourceDate "2023.07.31"]
[SourceVersion "1"]
[SourceVersionDate "2023.07.31"]
[SourceQuality "1"]

1. e4 c5 2. Nf3 Nc6 3. d4 cxd4 4. Nxd4 Nf6 5. Nc3 e5 6. Ndb5 d6 7. Bg5 a6 8. Bxf6 gxf6 9. Na3 b5 10. Nd5 Bg7 11. c3 0-0 12. Nc2 f5 13. exf5 Bxf5 14. Nce3 Be6 15. g3 b4 16. cxb4 Rb8 17. a3 a5 18. Rc1 Nd4 19. Bg2 f5 20. Qh5 h6 21. Rc7 Rf7 22. Rxf7 Bxf7 23. Qd1 axb4 24. Nxb4 e4 25. 0-0 Qg5 26. h4 Qf6 27. Ned5 Qe5 28. Nf4 Rc8 29. Re1 Qc5 30. Qa4 Nc6 1/2-1/2

[Event "CZE-ch Amateur"]
[Site "Hluk"]
[Date "2023.05.07"]
[Round "3"]
[White "Jun, Rudolf Jr"]
[Black "Zahorbensky, Jaroslav"]
[Result "1-0"]
[WhiteElo "2200"]
[BlackElo "2046"]
[PlyCount "69"]
[EventDate "2023.05.06"]
[EventType "swiss"]
[EventRounds "9"]
[EventCountry "CZE"]
[SourceTitle "CBM 214 Extra"]
[Source "ChessBase"]
[SourceDate "2023.07.31"]
[SourceVersion "1"]
[SourceVersionDate "2023.07.31"]
[SourceQuality "1"]

1. e4 g6 2. d4 Nf6 3. Nc3 d5 4. e5 Nh5 5. Nf3 Bg4 6. Be2 c6 7. 0-0 Ng7 8. b3 Nd7 9. a4 Bxf3 10. Bxf3 e6 11. Ne2 h5 12. c4 Nf5 13. Ng3 h4 14. Nxf5 gxf5 15. Bd2 Be7 16. Rc1 Nf8 17. b4 Ng6 18. b5 Qd7 19. bxc6 bxc6 20. cxd5 cxd5 21. Ba5 Bd8 22. Be2 0-0 23. Bb4 Be7 24. Bb5 Qd8 25. Bd2 Bg5 26. Rc6 Kg7 27. Rd6 Be7 28. Rxd8 Rfxd8 29. Ba5 Rh8 30. Qd2 Rh5 31. f4 Rhh8 32. Rc1 Rac8 33. Bc7 Ba3 34. Rc2 Rhg8 35. Bd6 1-0

[Event "CZE-chT2D 2223"]
[Site "Czech Republic"]
[Date "2023.03.26"]
[Round "11.2"]
[White "Sohr, Vladimir"]
[Black "Jun, Rudolf Jr"]
[Result "1/2-1/2"]
[WhiteElo "2069"]
[BlackElo "2111"]
[PlyCount "74"]
[EventDate "2022.10.16"]
[EventType "team-tourn"]
[EventRounds "11"]
[EventCountry "CZE"]
[SourceTitle "EXT 2024"]
[Source "ChessBase"]
[SourceDate "2023.10.10"]
[SourceVersion "1"]
[SourceVersionDate "2023.10.10"]
[SourceQuality "1"]
[WhiteTeam "Zabreh"]
[BlackTeam "Chotebor"]
[WhiteTeamCountry "CZE"]
[BlackTeamCountry "CZE"]

1. e4 c5 2. Nf3 Nc6 3. d4 cxd4 4. Nxd4 Nf6 5. Nc3 e5 6. Ndb5 d6 7. Bg5 a6 8. Na3 b5 9. Bxf6 gxf6 10. Nd5 Bg7 11. c3 0-0 12. Nc2 f5 13. Bd3 Ne7 14. Nxe7+ Qxe7 15. Ne3 f4 16. Nd5 Qg5 17. Qd2 Be6 18. f3 Bxd5 19. exd5 f5 20. 0-0-0 b4 21. cxb4 a5 22. b5 Rab8 23. a4 Rfc8+ 24. Kb1 e4 25. Bc2 Rc4 26. Bb3 e3 27. Qe2 Rb4 28. Ka2 Qf6 29. Rc1 Qd4 30. Rc4 Rxc4 31. Bxc4 Rc8 32. Bb3 h5 33. g3 Kf8 34. Rd1 Qe5 35. Rd3 Re8 36. gxf4 Qxf4 37. Rd1 Rc8 1/2-1/2

[Event "CZE-ch U20"]
[Site "Jaromerice nad Rokytnou"]
[Date "2023.03.15"]
[Round "7"]
[White "Jun, Rudolf Jr"]
[Black "Ocelak, Jakub"]
[Result "1/2-1/2"]
[WhiteElo "2152"]
[BlackElo "2190"]
[PlyCount "60"]
[EventDate "2023.03.10"]
[EventType "tourn"]
[EventRounds "11"]
[EventCountry "CZE"]
[SourceTitle "CBM 213 Extra"]
[Source "ChessBase"]
[SourceDate "2023.05.31"]
[SourceVersion "1"]
[SourceVersionDate "2023.05.31"]
[SourceQuality "1"]

1. e4 e6 2. d4 d5 3. exd5 exd5 4. Bd3 Nc6 5. c3 Bd6 6. h3 Nge7 7. Ne2 0-0 8. 0-0 Bf5 9. Bf4 Bxd3 10. Qxd3 Ng6 11. Bg3 a6 12. Nd2 Qd7 13. Rfe1 Rae8 14. Qf3 Bxg3 15. Nxg3 Re6 16. Re3 Rfe8 17. Rae1 Rxe3 18. Rxe3 Rxe3 19. fxe3 Nce7 20. e4 Qe6 21. Kh2 Kf8 22. b3 Qd6 23. e5 Qe6 24. c4 Kg8 25. Qc3 Nc6 26. Nf3 h6 27. Nf1 Nge7 28. Ne3 Qd7 29. Kg1 Qe6 30. Kf2 Kh8 1/2-1/2

[Event "CZE-ch U20"]
[Site "Jaromerice nad Rokytnou"]
[Date "2023.03.10"]
[Round "1"]
[White "Jun, Rudolf Jr"]
[Black "Mica, Marek"]
[Result "1/2-1/2"]
[WhiteElo "2152"]
[BlackElo "2248"]
[PlyCount "44"]
[EventDate "2023.03.10"]
[EventType "tourn"]
[EventRounds "11"]
[EventCountry "CZE"]
[SourceTitle "CBM 213 Extra"]
[Source "ChessBase"]
[SourceDate "2023.05.31"]
[SourceVersion "1"]
[SourceVersionDate "2023.05.31"]
[SourceQuality "1"]

1. e4 c5 2. Nf3 d6 3. Bb5+ Bd7 4. Bxd7+ Qxd7 5. 0-0 Nc6 6. c3 d5 7. exd5 Qxd5 8. d4 e6 9. dxc5 Qxd1 10. Rxd1 Bxc5 11. Bf4 f6 12. Nbd2 e5 13. Ne4 Bb6 14. Be3 Bxe3 15. fxe3 b6 16. Nd6+ Ke7 17. Nf5+ Kf7 18. Nd6+ Ke7 19. Nf5+ Kf7 20. Nd6+ Ke7 21. Nf5+ Kf7 22. Nd6+ Ke7 1/2-1/2

[Event "CZE-chT2D 2223"]
[Site "Czech Republic"]
[Date "2023.03.05"]
[Round "10.3"]
[White "Brozka, Karel"]
[Black "Jun, Rudolf Jr"]
[Result "1/2-1/2"]
[WhiteElo "2161"]
[BlackElo "2111"]
[PlyCount "59"]
[EventDate "2022.10.16"]
[EventType "team-tourn"]
[EventRounds "11"]
[EventCountry "CZE"]
[SourceTitle "EXT 2024"]
[Source "ChessBase"]
[SourceDate "2023.10.10"]
[SourceVersion "1"]
[SourceVersionDate "2023.10.10"]
[SourceQuality "1"]
[WhiteTeam "Polabiny IV"]
[BlackTeam "Chotebor"]
[WhiteTeamCountry "CZE"]
[BlackTeamCountry "CZE"]

1. d4 Nf6 2. Nf3 e6 3. c4 Bb4+ 4. Bd2 Qe7 5. g3 0-0 6. Bg2 d5 7. a3 Bxd2+ 8. Nbxd2 Nbd7 9. 0-0 c6 10. Qc2 e5 11. dxe5 Nxe5 12. Nxe5 Qxe5 13. cxd5 Nxd5 14. Nc4 Qe7 15. e4 Nc7 16. Rfd1 Be6 17. Na5 Na6 18. Bf1 Qc5 19. Qa4 Qb6 20. Nxb7 Qxb7 21. Bxa6 Qxb2 22. Rab1 Qa2 23. Bb7 Rad8 24. Qxa7 Rxd1+ 25. Rxd1 Qe2 26. Rc1 Qb2 27. Re1 c5 28. Bd5 Qd2 29. Rb1 Bxd5 30. exd5 1/2-1/2

[Event "CZE-chT2D 2223"]
[Site "Czech Republic"]
[Date "2023.02.19"]
[Round "9.3"]
[White "Jirsa, Lukas"]
[Black "Jun, Rudolf Jr"]
[Result "1-0"]
[WhiteElo "2008"]
[BlackElo "2111"]
[PlyCount "93"]
[EventDate "2022.10.16"]
[EventType "team-tourn"]
[EventRounds "11"]
[EventCountry "CZE"]
[SourceTitle "EXT 2024"]
[Source "ChessBase"]
[SourceDate "2023.10.10"]
[SourceVersion "1"]
[SourceVersionDate "2023.10.10"]
[SourceQuality "1"]
[WhiteTeam "Vysoke Myto"]
[BlackTeam "Chotebor"]
[WhiteTeamCountry "CZE"]
[BlackTeamCountry "CZE"]

1. e4 c5 2. Nf3 Nc6 3. d4 cxd4 4. Nxd4 Nf6 5. Nc3 e5 6. Ndb5 d6 7. Bg5 a6 8. Bxf6 gxf6 9. Na3 b5 10. Nd5 Bg7 11. c3 Ne7 12. Nc2 f5 13. Nxe7 Qxe7 14. Bd3 d5 15. exd5 0-0 16. a4 e4 17. Be2 f4 18. axb5 Bd7 19. Rxa6 Qg5 20. g3 e3 21. Rg1 Rxa6 22. bxa6 Qh6 23. gxf4 Qxh2 24. Rxg7+ Kxg7 25. Qd4+ Kg8 26. Nxe3 Qh1+ 27. Kd2 Qa1 28. Qb4 Re8 29. Nc2 Qg1 30. Qd4 Bf5 31. Ne1 Bg4 32. Bxg4 Qxg4 33. f3 Qg3 34. Nd3 Qxf3 35. c4 h5 36. a7 Qe2+ 37. Kc3 Ra8 38. d6 h4 39. d7 Qe7 40. Ne5 h3 41. Qg1+ Kh7 42. Qh1 Rxa7 43. Qxh3+ Kg8 44. Qg4+ Kf8 45. Qh5 Qf6 46. d8Q+ Qxd8 47. Qh8+ 1-0

[Event "CZE-chT1W 2223"]
[Site "Czech Republic"]
[Date "2023.02.12"]
[Round "8.6"]
[White "Jun, Rudolf Jr"]
[Black "Haba, Petr"]
[Result "0-1"]
[WhiteElo "2111"]
[BlackElo "2454"]
[PlyCount "100"]
[EventDate "2022.10.09"]
[EventType "team-tourn"]
[EventRounds "11"]
[EventCountry "CZE"]
[SourceTitle "CBM 213 Extra"]
[Source "ChessBase"]
[SourceDate "2023.05.31"]
[SourceVersion "1"]
[SourceVersionDate "2023.05.31"]
[SourceQuality "1"]
[WhiteTeam "Polabiny III"]
[BlackTeam "Gordic"]
[WhiteTeamCountry "CZE"]
[BlackTeamCountry "CZE"]

1. e4 c5 2. Nf3 e6 3. c4 Nc6 4. Be2 e5 5. Nc3 d6 6. d3 g6 7. Nd5 Bg7 8. h4 h5 9. Be3 Bg4 10. Qd2 Bxf3 11. Bxf3 Bh6 12. Bxh6 Nxh6 13. Qg5 Nd4 14. Bd1 Kf8 15. f4 Ne6 16. Qxd8+ Rxd8 17. 0-0 Nxf4 18. Nxf4 exf4 19. Rxf4 Kg7 20. Be2 Rhf8 21. Raf1 f6 22. Kh2 Rde8 23. g4 hxg4 24. Bxg4 g5 25. hxg5 fxg5 26. Rxf8 Rxf8 27. Bf5 Nxf5 28. exf5 Re8 29. f6+ Kf7 30. Kg3 Re6 31. Rf5 Re3+ 32. Kg4 Rxd3 33. Rf2 d5 34. Kxg5 dxc4 35. Kf5 Rd5+ 36. Ke4 Ke6 37. Rh2 Re5+ 38. Kf4 Rf5+ 39. Ke4 Re5+ 40. Kf4 Rf5+ 41. Ke4 Rxf6 42. Rh7 b6 43. b3 cxb3 44. axb3 Rf7 45. Rh6+ Kd7 46. Kd5 Kc7 47. Kc4 Kb7 48. Kb5 a6+ 49. Kc4 Rf4+ 50. Kc3 a5 0-1

[Event "CZE-chT1W 2223"]
[Site "Czech Republic"]
[Date "2023.01.29"]
[Round "7.1"]
[White "Jun, Rudolf Jr"]
[Black "Jirovsky, Milos"]
[Result "0-1"]
[WhiteElo "2111"]
[BlackElo "2458"]
[PlyCount "68"]
[EventDate "2022.10.09"]
[EventType "team-tourn"]
[EventRounds "11"]
[EventCountry "CZE"]
[SourceTitle "CBM 213 Extra"]
[Source "ChessBase"]
[SourceDate "2023.05.31"]
[SourceVersion "1"]
[SourceVersionDate "2023.05.31"]
[SourceQuality "1"]
[WhiteTeam "Polabiny III"]
[BlackTeam "Pankrac"]
[WhiteTeamCountry "CZE"]
[BlackTeamCountry "CZE"]

1. e4 d5 2. exd5 Qxd5 3. Nc3 Qd6 4. d4 Nf6 5. Nf3 c6 6. Ne5 Nbd7 7. Bf4 Nd5 8. Nxd5 Qxd5 9. Nxd7 Bxd7 10. f3 Bf5 11. c4 Qa5+ 12. Qd2 Qxd2+ 13. Kxd2 0-0-0 14. Kc3 e6 15. Rd1 c5 16. d5 Bd6 17. Bxd6 Rxd6 18. Bd3 Bxd3 19. Rxd3 Rhd8 20. Rhd1 exd5 21. Rxd5 Rxd5 22. cxd5 Re8 23. Rd2 b5 24. Kd3 Re5 25. Rc2 Rxd5+ 26. Ke4 Rd4+ 27. Ke5 f6+ 28. Ke6 c4 29. h4 Kb7 30. h5 h6 31. g4 Kb6 32. b4 a5 33. a3 Rd3 34. f4 Rxa3 0-1

[Event "Prague op 21st"]
[Site "Prague"]
[Date "2023.01.07"]
[Round "3"]
[White "Jun, Rudolf Jr"]
[Black "Chen, Qi B"]
[Result "0-1"]
[WhiteElo "2177"]
[BlackElo "2484"]
[PlyCount "62"]
[EventDate "2023.01.06"]
[EventType "swiss"]
[EventRounds "9"]
[EventCountry "CZE"]
[SourceTitle "CBM 212 Extra"]
[Source "ChessBase"]
[SourceDate "2023.03.31"]
[SourceVersion "1"]
[SourceVersionDate "2023.03.31"]
[SourceQuality "1"]

1. e4 c5 2. Nf3 e6 3. c4 Nc6 4. Nc3 Nd4 5. d3 Ne7 6. Be2 Nec6 7. 0-0 Be7 8. Nb5 0-0 9. a3 Nxf3+ 10. Bxf3 a6 11. Nc3 Bf6 12. Ne2 b5 13. cxb5 axb5 14. Qc2 c4 15. dxc4 bxc4 16. Bf4 Ne5 17. Bxe5 Bxe5 18. Rfd1 Ba6 19. Nc3 d6 20. g3 Qf6 21. Bg2 Rab8 22. f4 Bd4+ 23. Kh1 Rb3 24. Qd2 e5 25. Rac1 Rfb8 26. Rc2 Qd8 27. f5 h6 28. Nd5 Rxb2 29. f6 c3 30. Nxc3 Rxc2 31. Qxc2 Qc8 0-1

[Event "CZE-chT2D 2223"]
[Site "Czech Republic"]
[Date "2022.12.04"]
[Round "4.3"]
[White "Jun, Rudolf Jr"]
[Black "Nemec, Pavel"]
[Result "1-0"]
[WhiteElo "2111"]
[BlackElo "2164"]
[PlyCount "87"]
[EventDate "2022.10.16"]
[EventType "team-tourn"]
[EventRounds "11"]
[EventCountry "CZE"]
[SourceTitle "EXT 2024"]
[Source "ChessBase"]
[SourceDate "2023.10.10"]
[SourceVersion "1"]
[SourceVersionDate "2023.10.10"]
[SourceQuality "1"]
[WhiteTeam "Chotebor"]
[BlackTeam "Hradec Kralove Slavia"]
[WhiteTeamCountry "CZE"]
[BlackTeamCountry "CZE"]

1. e4 c5 2. Nf3 d6 3. Bb5+ Nc6 4. 0-0 Bd7 5. c3 Nf6 6. Re1 e5 7. d4 Qc7 8. d5 Nb8 9. a4 Be7 10. Nbd2 0-0 11. Bxd7 Nbxd7 12. Nc4 h6 13. Nh4 Rfe8 14. Nf5 Bf8 15. Kh1 Kh7 16. g4 g6 17. Ng3 Ng8 18. Qf3 Nb6 19. Ne3 Qe7 20. Kg2 Qf6 21. Qxf6 Nxf6 22. h3 Ng8 23. Bd2 Be7 24. a5 Nd7 25. Nc4 b5 26. axb6 axb6 27. b4 b5 28. Na5 c4 29. Nc6 Bg5 30. Bxg5 hxg5 31. Na7 Reb8 32. Ra5 Nb6 33. Rea1 Nf6 34. Nxb5 Nbxd5 35. exd5 Rxb5 36. Rxa8 Nxd5 37. Ne2 Nf4+ 38. Nxf4 gxf4 39. R8a5 Rb8 40. Rd1 Rb6 41. g5 Kg7 42. Ra8 e4 43. Re8 Rb5 44. h4 1-0

[Event "CZE-chT1W 2223"]
[Site "Czech Republic"]
[Date "2022.11.13"]
[Round "3.3"]
[White "Jun, Rudolf Jr"]
[Black "Votava, Jan"]
[Result "0-1"]
[WhiteElo "2111"]
[BlackElo "2474"]
[PlyCount "98"]
[EventDate "2022.10.09"]
[EventType "team-tourn"]
[EventRounds "11"]
[EventCountry "CZE"]
[SourceTitle "CBM 213 Extra"]
[Source "ChessBase"]
[SourceDate "2023.05.31"]
[SourceVersion "1"]
[SourceVersionDate "2023.05.31"]
[SourceQuality "1"]
[WhiteTeam "Polabiny III"]
[BlackTeam "Polabiny II"]
[WhiteTeamCountry "CZE"]
[BlackTeamCountry "CZE"]

1. e4 g6 2. d4 Bg7 3. c4 d6 4. Nc3 c6 5. f4 a6 6. Nf3 b5 7. a3 Bb7 8. Be3 Nd7 9. Be2 Ngf6 10. h3 bxc4 11. Bxc4 0-0 12. e5 Nd5 13. Nxd5 cxd5 14. Bd3 Nb6 15. b3 dxe5 16. fxe5 f6 17. exf6 exf6 18. 0-0 Nc8 19. Bf4 Nd6 20. Qd2 Ne4 21. Qb4 Rf7 22. Rfc1 g5 23. Bh2 h5 24. Ne1 g4 25. Bf4 f5 26. Nc2 a5 27. Qe1 Ba6 28. Qf1 Bxd3 29. Qxd3 Qb6 30. Kh2 h4 31. Ne3 g3+ 32. Kg1 Qxd4 33. Qxd4 Bxd4 34. Ra2 Nc5 35. Kf1 Nxb3 36. Rd1 Bxe3 37. Bxe3 f4 38. Bg1 d4 39. Rc2 f3 40. Rd3 f2 41. Rxb3 fxg1Q+ 42. Kxg1 Re8 43. Rb1 d3 44. Rd2 Rb7 45. Rbd1 Rb3 46. Kf1 Re3 47. a4 Kf7 48. Re1 Rxe1+ 49. Kxe1 Ke6 0-1

[Event "CZE-chT2D 2223"]
[Site "Czech Republic"]
[Date "2022.10.16"]
[Round "1.3"]
[White "Bulockin, Martin"]
[Black "Jun, Rudolf Jr"]
[Result "1/2-1/2"]
[WhiteElo "2299"]
[BlackElo "2111"]
[PlyCount "80"]
[EventDate "2022.10.16"]
[EventType "team-tourn"]
[EventRounds "11"]
[EventCountry "CZE"]
[SourceTitle "EXT 2024"]
[Source "ChessBase"]
[SourceDate "2023.10.10"]
[SourceVersion "1"]
[SourceVersionDate "2023.10.10"]
[SourceQuality "1"]
[WhiteTeam "Hradec Kralove Lipky"]
[BlackTeam "Chotebor"]
[WhiteTeamCountry "CZE"]
[BlackTeamCountry "CZE"]

1. e4 c5 2. Nf3 Nc6 3. Bb5 g6 4. Bxc6 dxc6 5. Nc3 Bg7 6. d3 Bg4 7. h3 Bxf3 8. Qxf3 Be5 9. Qe2 Qd6 10. Be3 Nf6 11. Rf1 Nh5 12. g3 Bd4 13. 0-0-0 b5 14. Qd2 Bxe3 15. Qxe3 Qd4 16. Qd2 0-0 17. Ne2 Qa4 18. Kb1 Rad8 19. Qg5 c4 20. Qxe7 cxd3 21. cxd3 Rfe8 22. Qc5 Ng7 23. Qc2 Qa6 24. d4 b4 25. Rfe1 Ne6 26. f4 Rd7 27. Rd2 Red8 28. Red1 Qb5 29. g4 a5 30. f5 Ng5 31. Ng1 a4 32. e5 b3 33. Qd3 Qxd3+ 34. Rxd3 Ne4 35. axb3 Nf2 36. Nf3 axb3 37. R1d2 Nxd3 38. Rxd3 c5 39. Rxb3 cxd4 40. Rd3 gxf5 1/2-1/2